000 00923cab a2200229 4500
001 ABS39397
008 090401t1988 xxu||||| |||| 00| 0 eng d
035 _a(Sirsi) u16374
041 _aeng
100 _aEvans, P.
245 _aInstitutional investors` intentions
260 _c1988
350 _a0
490 _aEstates Gazette
_v(8824) 18 June 1988, 24-26(2)
520 _aA Fund Managers Survey , carried out by Debenham Tewson and Chinnocks for 1988 envisages a sustained upward trend in institutional property investment with retail investment continuing to dominate. Another sector with a high performance rating is West End offices . Describes the influence of geographical factors in the investors` decisions. Illustrates with tables and graphs.
650 _aFUNDING
650 _aINSTITUTIONS
690 _aPROPERTY LAW AND PRACTICE
700 _aJarrett, D.
942 _n0
948 _c04/03/1997
999 _c10769
_d10769